| 000 | 00353nam a2200145Ia 4500 | ||
|---|---|---|---|
| 008 | 150301s2015 xx 000 0 und d | ||
| 082 |
_a615.19 _bP08C |
||
| 100 | _aCHATTEN, LESLIE G. | ||
| 245 | _aPHARMACEUTICAL CHEMISTRY : THEORY & APPLITION | ||
| 250 | _a1ST | ||
| 260 | _bCBS- DELHI | ||
| 300 | _a504 | ||
| 650 | _aPHARMACEUTICS | ||
| 942 |
_2ddc _cBK |
||
| 999 |
_c7377 _d7377 |
||